000 00288nam a22001337a 4500
082 _a425
_bSCO/M
100 _aSCOTT, A. F
100 _aAGGARWALA,N. K
245 _aNEW HORIZONS
260 _aMADRAS
_bMACMILLAN INDIA LIMITED
300 _a50
650 _aVOCABULARY
_zINDIA
942 _cBK
999 _c3948
_d3948